Monégasques célèbres par images - Statistiques

Statistiques générales
  • Ce quiz a été pris 142 fois
  • Le résultat moyen est 4 sur 9
Statistiques - réponses
Par images Réponse % Correct
Albert II de Monaco
83%
Charles Leclerc
77%
Stéphanie de Monaco
74%
Grace Kelly
63%
Léo Ferré
45%
Rainier III
41%
Caroline de Monaco
37%
Michel Pastor
3%
Michel Ancel
2%
Aucun quiz correspondant
Distribution des résultats
% des personnes avec chaque résultat
Percentile par nombre de réponses
Votre historique - résultats
Vous n’avez pas pris ce quiz